| 000 | 00881nam a22002537a 4500 | ||
|---|---|---|---|
| 003 | URS | ||
| 005 | 20260405160843.0 | ||
| 008 | 260405b |||||||| |||| 0| 0 eng d | ||
| 020 | _a8888824000510 | ||
| 040 |
_bEnglish _erda _cURS |
||
| 050 |
_aQP34 _b.C6301 2023 |
||
| 100 | 1 |
_aCo, Elizabeth, _eauthor. |
|
| 245 | 1 | 0 |
_aAnatomy & Physiology Lab Manual / _cElizabeth Co, Hilary Engebretson. |
| 264 | 1 |
_aSingapore : _bCengage Learning, _c©2023. |
|
| 300 |
_a700 pages : _bcolor illustrations ; _c28 cm. |
||
| 336 |
_atext _2rdacontent |
||
| 337 |
_aunmediated _2rdamedia |
||
| 338 |
_avolume _2rdacarrier |
||
| 650 | 0 |
_a Human anatomy _xLaboratory manuals. _96612 |
|
| 650 | 0 |
_aHuman physiology _xLaboratory manuals. _96613 |
|
| 700 |
_aEngebretson, Hilary, _eauthor. _96771 |
||
| 730 | 0 |
_aVisual anatomy & physiology. _sSecond edition _iCompletmented by (expression): |
|
| 942 |
_2lcc _cR |
||
| 999 |
_c99362 _d99359 |
||